Kooperace a integrace v zemědělství členských zemí RVHP

Na minha lista:
Detalhes bibliográficos
Autor principal: Marillai, Vilmos
Formato: Livro
Idioma:tcheco
Publicado em: Praha Státní zemědělské nakladatelství 1982
Tags: Adicionar Tag
Sem tags, seja o primeiro a adicionar uma tag!

MARC

LEADER 00000nam a2200000 4500
001 c129121
005 20250513124047.9
041 0 |a cze 
044 |a CZ 
245 1 0 |a Kooperace a integrace v zemědělství členských zemí RVHP  |c Vilmos Marillai ; [Přel. Otakar Hampl, Eva Kozáková] 
264 1 |a Praha  |b Státní zemědělské nakladatelství  |c 1982 
300 |a 231 s. 
100 1 |a Marillai, Vilmos